00701nam a2200181Ia 4500008004100000082001700041100002100058245006300079260002500142300000700167520002300174620002300197630006300220730006300283942000900346999001900355952014500374100122s9999 xx 000 0 und d b64280a136.7 aWILLIAMS REBECCA aMONTHERCARE NURSERY GUIDES FIRST HOME - क.क्र.11/1 bOCTOPUS CONRANc1984 a63 aक.क्र.11/1 aक.क्र.11/1 aMONTHERCARE NURSERY GUIDES FIRST HOME - क.क्र.11/1 aMONTHERCARE NURSERY GUIDES FIRST HOME - क.क्र.11/1 cBOOK c379471d379468 00104070aSVPPARLEbSVPPARLEd2003-12-26g40.00l0o64280pSVPPARLE-64280r2010-01-25 00:00:00v40.00w2010-01-25yBOOKz", , General, NA"